Otázky a odpovede z mikroprocesorov a mikropočítačov Návrh mikropočítačov

Enregistré dans:
Détails bibliographiques
Auteur principal: Sobotka, Zdeněk
Format: Livre
Langue:slovaque
Publié: Bratislava Alfa 1987
Édition:3. uprav. vyd.
Collection:Edícia elektrotechnickej literatúry
Tags: Ajouter un tag
Pas de tags, Soyez le premier à ajouter un tag!

MARC

LEADER 00000nam a2200000 4500
001 c041495
005 20250509113645.7
041 0 |a slo 
044 |a SK 
245 1 0 |a Otázky a odpovede z mikroprocesorov a mikropočítačov  |b Návrh mikropočítačov  |c Zdeněk Sobotka 
250 |a 3. uprav. vyd. 
264 1 |a Bratislava  |b Alfa  |c 1987 
300 |a 226 s. 
490 1 |a Edícia elektrotechnickej literatúry 
830 0 |a Edícia elektrotechnickej literatúry 
100 1 |a Sobotka, Zdeněk